000 00386nam a22001337a 4500
005 20140403134557.0
008 140403b xxu||||| |||| 00| 0 eng d
050 _aSPC DT757.
_bY6 1952
100 _aYoung, Francis Brett
_99771
245 _aIn South Africa
_cYoung, Francis Brett
260 _aLondon
_bWilliam Heinemann
_c1952
300 _avi, 146p.;
_c24cm.
942 _2lcc
_cMONOGRAPH
999 _c120380
_d120380